Encyclopaedia India`s Struggle For Freedom (Record no. 5139)

MARC details
000 -LEADER
fixed length control field 00470cam a2200169ua 4500
008 - FIXED-LENGTH DATA ELEMENTS--GENERAL INFORMATION
fixed length control field 131030n ii |||gr||||Z||||||eng
040 ## - CATALOGING SOURCE
Transcribing agency MAIN
082 ## - DEWEY DECIMAL CLASSIFICATION NUMBER
Classification number 954.035
100 ## - MAIN ENTRY--PERSONAL NAME
Personal name Sharma,Jagdish Saran,
Relator term
245 ## - TITLE STATEMENT
Title Encyclopaedia India`s Struggle For Freedom
Statement of responsibility, etc. by Jagdish Saran Sharma
260 ## - PUBLICATION, DISTRIBUTION, ETC.
Place of publication, distribution, etc. Delhi:
Name of publisher, distributor, etc. S.Chand & Co.,
Date of publication, distribution, etc. 1979.
300 ## - PHYSICAL DESCRIPTION
Extent 258p.
942 ## - ADDED ENTRY ELEMENTS (KOHA)
Koha item type Books
653 ## - INDEX TERM--UNCONTROLLED
Uncontrolled term History
653 ## - INDEX TERM--UNCONTROLLED
Uncontrolled term Encyclopaedia Of India`s Struggle For Freedom
Holdings
Withdrawn status Lost status Damaged status Not for loan Home library Current library Shelving location Date acquired Total Checkouts Full call number Barcode Date last seen Copy number Price effective from Koha item type
        Central Library, Naharkatiya College Central Library, Naharkatiya College General Stacks 19/09/2020   954.035 | SHA 3684 19/09/2020 1 19/09/2020 Books

Naharkatiya College © 2020. All rights reserved.

Powered By